<?xml version="1.0" encoding="UTF-8"?>
<record
    xmlns:xsi="http://www.w3.org/2001/XMLSchema-instance"
    xsi:schemaLocation="http://www.loc.gov/MARC21/slim http://www.loc.gov/standards/marcxml/schema/MARC21slim.xsd"
    xmlns="http://www.loc.gov/MARC21/slim">

  <leader>01591cam a22003135a 4500</leader>
  <controlfield tag="001">18579773</controlfield>
  <controlfield tag="005">20160801121652.0</controlfield>
  <controlfield tag="008">150417s2014    uk     fr     001 0 eng d</controlfield>
  <datafield tag="010" ind1=" " ind2=" ">
    <subfield code="a">  2015372609</subfield>
  </datafield>
  <datafield tag="020" ind1=" " ind2=" ">
    <subfield code="a">9781845862343 </subfield>
  </datafield>
  <datafield tag="020" ind1=" " ind2=" ">
    <subfield code="a">1845862341</subfield>
  </datafield>
  <datafield tag="040" ind1=" " ind2=" ">
    <subfield code="a">DLC</subfield>
    <subfield code="b">eng</subfield>
    <subfield code="c">DLC</subfield>
    <subfield code="d">EG-ScBUE</subfield>
  </datafield>
  <datafield tag="042" ind1=" " ind2=" ">
    <subfield code="a">pcc</subfield>
  </datafield>
  <datafield tag="043" ind1=" " ind2=" ">
    <subfield code="a">e-uk-st</subfield>
  </datafield>
  <datafield tag="082" ind1="0" ind2="4">
    <subfield code="2">22</subfield>
    <subfield code="a">340.9</subfield>
    <subfield code="b">HIL</subfield>
  </datafield>
  <datafield tag="100" ind1="1" ind2=" ">
    <subfield code="a">Hill, David</subfield>
    <subfield code="9">40578</subfield>
  </datafield>
  <datafield tag="245" ind1="1" ind2="0">
    <subfield code="a">Private international law /</subfield>
    <subfield code="c">David Hill.</subfield>
  </datafield>
  <datafield tag="260" ind1=" " ind2=" ">
    <subfield code="a">Edinburgh :</subfield>
    <subfield code="b">Edinburgh Univerity Press,</subfield>
    <subfield code="c">c.2014.</subfield>
  </datafield>
  <datafield tag="300" ind1=" " ind2=" ">
    <subfield code="a">xxv, 166 p. ;</subfield>
    <subfield code="c">22 cm.</subfield>
  </datafield>
  <datafield tag="490" ind1="0" ind2=" ">
    <subfield code="a">Edinburgh law essentials</subfield>
  </datafield>
  <datafield tag="500" ind1=" " ind2=" ">
    <subfield code="a">Includes index.</subfield>
  </datafield>
  <datafield tag="505" ind1="0" ind2=" ">
    <subfield code="g">Introduction -- Personal connecting factors -- Jurisdiction in civil and commercial matters -- Recognition and enforcement of foreign decrees -- Choice of law in contract -- Choice of law in non-contractural obligations -- Marriage and civil partnership -- Divorce and dissolution -- The proprietary consequences of marriage and divorce -- Maintenance -- Children -- Property -- Succession.</subfield>
  </datafield>
  <datafield tag="520" ind1=" " ind2=" ">
    <subfield code="a">Suitable for students of law, this study guide provides comprehensive coverage of private international law. It provides a summary of the key elements and issues of PIL, as well as the statutes and Conventions (such as Brussels, Lugano) and EU Regulations applying throughout the UK.  
</subfield>
  </datafield>
  <datafield tag="650" ind1=" " ind2="7">
    <subfield code="a">Conflict of laws</subfield>
    <subfield code="z">Scotland.</subfield>
    <subfield code="2">BUEsh</subfield>
    <subfield code="9">40579</subfield>
  </datafield>
  <datafield tag="651" ind1=" " ind2=" ">
    <subfield code="2">BUEsh</subfield>
  </datafield>
  <datafield tag="653" ind1=" " ind2=" ">
    <subfield code="b">LLAAWW</subfield>
    <subfield code="c">July2016</subfield>
  </datafield>
  <datafield tag="856" ind1="4" ind2="1">
    <subfield code="3">Table of contents only</subfield>
    <subfield code="u">http://www.loc.gov/catdir/enhancements/fy1509/2015372609-t.html</subfield>
  </datafield>
  <datafield tag="942" ind1=" " ind2=" ">
    <subfield code="2">ddc</subfield>
    <subfield code="e">22</subfield>
    <subfield code="k">340.9 HIL</subfield>
  </datafield>
  <datafield tag="999" ind1=" " ind2=" ">
    <subfield code="c">22088</subfield>
    <subfield code="d">22060</subfield>
  </datafield>
  <datafield tag="952" ind1=" " ind2=" ">
    <subfield code="0">0</subfield>
    <subfield code="1">0</subfield>
    <subfield code="2">ddc</subfield>
    <subfield code="4">0</subfield>
    <subfield code="7">0</subfield>
    <subfield code="a">MAIN</subfield>
    <subfield code="b">MAIN</subfield>
    <subfield code="c">1ST</subfield>
    <subfield code="d">2016-08-01</subfield>
    <subfield code="e">Purchase</subfield>
    <subfield code="g">224.00</subfield>
    <subfield code="h">26080</subfield>
    <subfield code="l">11</subfield>
    <subfield code="m">52</subfield>
    <subfield code="o">340.9 HIL</subfield>
    <subfield code="p">000033044</subfield>
    <subfield code="r">2026-04-05 00:00:00</subfield>
    <subfield code="s">2024-10-08</subfield>
    <subfield code="v">280.00</subfield>
    <subfield code="y">BB</subfield>
  </datafield>
</record>
